000 00651nam a22001937a 4500
005 20251108174746.0
008 250721s2009 xx 000 0 ara d
082 1 4 _a189.34/شمر
100 1 _aالشمري، هدى علي جواد
_eمؤلف
245 1 0 _aمبادئ الغزالي التربوية /
264 1 _aعمان :
_bدار المناهج للنشر و التوزيع،
_c2009.
300 _a239ص.
650 1 7 _aالفلسفة الاسلامية
650 1 7 _aفلسفة الغزالي
650 1 7 _aالتربية الاسلامية
700 1 _aالساموك، سعدون
_eمراجع
942 _2ddc
_cBK
999 _c117272
_d117272